|
|
|
|
| LEADER |
00762cam a2200241 i 4500 |
| 005 |
20151026133418.0 |
| 008 |
140122s2014 nyu b 001 0 eng |
| 020 |
|
|
|a 9781107015777
|
| 080 |
|
|
|a 515.142.21
|b TOT
|
| 100 |
1 |
|
|a Totaro, Burt
|
| 245 |
1 |
0 |
|a Group cohomology and algebraic cycles
|
| 260 |
|
|
|a New York
|b Cambridge University Press
|c 2014
|
| 300 |
|
|
|a xvi, 228 p.
|
| 490 |
0 |
|
|a Cambridge tracts in mathematics
|
| 650 |
|
0 |
|a Homology theory
|
| 650 |
|
0 |
|a Algebra
|
| 653 |
|
|
|a Group cohomology
|
| 653 |
|
|
|a Chow ring
|
| 653 |
|
|
|a Algebraic cycles
|
| 700 |
|
|
|a Algebraic geometry
|
| 942 |
|
|
|c BK
|6 _
|
| 999 |
|
|
|c 70447
|d 70447
|
| 952 |
|
|
|0 0
|1 0
|2 udc
|4 0
|6 51514221_TOT
|7 0
|9 82522
|a UL
|b UL
|d 2015-02-16
|g 0.00
|o 515.142.21 TOT
|p 00073202
|r 2015-03-04
|v 0.00
|w 2015-02-16
|y BK
|